The project management tool kit 100 tips and techniques for getting the job done right /

Bibliographic Details
Main Author: Kendrick, Tom.
Corporate Authors: Project Management Institute., ProQuest (Firm)
Format: Electronic eBook
Language:English
Published: New York : AMACOM American Management Association, 2010.
Edition:2nd ed.
Subjects:
Online Access:Click to View
LEADER 01638nam a2200409Ia 4500
001 EBC515796
003 MiAaPQ
005 20200520144314.0
006 m o d |
007 cr cn|||||||||
008 090629s2010 nyu s 001 0 eng d
010 |z  2009025151 
020 |z 9780814414767 
020 |z 0814414761 
035 |a (MiAaPQ)EBC515796 
035 |a (Au-PeEL)EBL515796 
035 |a (CaPaEBR)ebr10382990 
035 |a (CaONFJC)MIL252446 
035 |a (OCoLC)639015264 
040 |a MiAaPQ  |c MiAaPQ  |d MiAaPQ 
050 4 |a HD69.P75  |b K462 2010 
082 0 4 |a 658.4/04  |2 22 
100 1 |a Kendrick, Tom. 
245 1 4 |a The project management tool kit  |h [electronic resource] :  |b 100 tips and techniques for getting the job done right /  |c Tom Kendrick. 
246 3 |a One hundred tools for getting the job done right 
250 |a 2nd ed. 
260 |a New York :  |b AMACOM American Management Association,  |c 2010. 
300 |a xv, 256 p. 
500 |a Includes index. 
500 |a "Includes processes from all of the areas outlined in the Project Management Institute (PMI) PMBOKr Guide, 4th edition (2008)"--Introd. to the 2nd ed. 
533 |a Electronic reproduction. Ann Arbor, MI : ProQuest, 2015. Available via World Wide Web. Access may be limited to ProQuest affiliated libraries. 
650 0 |a Project management  |v Outlines, syllabi, etc. 
650 0 |a Industrial management  |v Outlines, syllabi, etc. 
655 4 |a Electronic books. 
710 2 |a Project Management Institute. 
710 2 |a ProQuest (Firm) 
856 4 0 |u https://ebookcentral.proquest.com/lib/matrademy/detail.action?docID=515796  |z Click to View